Las mejores novelas contemporáneas. (Record no. 177701)
[ view plain ]
| 000 -LEADER | |
|---|---|
| campo de control de longitud fija | 01473nam a22003495i 4500 |
| 001 - NÚMERO DE CONTROL | |
| campo de control | 177701 |
| 003 - IDENTIFICADOR DE NÚMERO DE CONTROL | |
| campo de control | ES-MaACL |
| 005 - FECHA Y HORA DE LA ÚLTIMA TRANSACCIÓN | |
| campo de control | 20250712032649.0 |
| 008 - DATOS DE LONGITUD FIJA--INFORMACIÓN GENERAL | |
| campo de control de longitud fija | 110413s1958 sp fo |||| | spa d |
| 080 ## - NÚMERO DE LA CLASIFICACIÓN DECIMAL UNIVERSAL | |
| Número de la Clasificación Decimal Universal | 821.134.2-31"19" |
| 245 04 - MENCIÓN DEL TÍTULO | |
| Título | Las mejores novelas contemporáneas. |
| Número de parte o sección de la obra | II, |
| Nombre de parte o sección de la obra | (1900-1904) / |
| Mención de responsabilidad, etc. | selección y estudios de Joaquín de Entrambasaguas ; con la colaboración de María del Pilar Palomo. |
| 250 ## - MENCION DE EDICION | |
| Mención de edición | 1ª ed. |
| 260 ## - PUBLICACIÓN, DISTRIBUCIÓN, ETC. | |
| Lugar de publicación, distribución, etc. | Barcelona : |
| Nombre del editor, distribuidor, etc. | Planeta, |
| Fecha de publicación, distribución, etc. | 1958. |
| 300 ## - DESCRIPCIÓN FÍSICA | |
| Extensión | 1 v. (LXXII, 1601, [10] p. de lám.) ; |
| Dimensiones | 19 cm. |
| 504 ## - NOTA DE BIBLIOGRAFÍA, ETC. | |
| Nota de bibliografía, etc. | Bibliografía: p. 1575-1594. |
| 505 8# - NOTA DE CONTENIDO CON FORMATO | |
| Nota de contenido con formato | Contiene: v. 2. Entre naranjos / Vicente Blasco Ibáñez. Sonata de otoño / Ramón María del Valle-Inclán. La voluntad / José Martínez Ruiz. La millona / Juan Francisco Muñoz y Pabón. La busca / Pío Baroja y Nessi |
| 650 04 - PUNTO DE ACCESO ADICIONAL DE MATERIA--TÉRMINO DE MATERIA | |
| Término de materia o nombre geográfico como elemento de entrada | Novela española- |
| Subdivisión cronológica | S.XX |
| 9 (RLIN) | 15636 |
| 700 1# - ENTRADA AGREGADA--NOMBRE PERSONAL | |
| Nombre de persona | Entrambasaguas, Joaquín de, |
| Fechas asociadas al nombre | 1904-1995 |
| 9 (RLIN) | 47309 |
| 700 1# - ENTRADA AGREGADA--NOMBRE PERSONAL | |
| Nombre de persona | Palomo, María del Pilar, |
| Fechas asociadas al nombre | 1933- |
| 9 (RLIN) | 144616 |
| 700 1# - ENTRADA AGREGADA--NOMBRE PERSONAL | |
| Nombre de persona | Blasco Ibáñez, Vicente, |
| Fechas asociadas al nombre | 1867-1928 |
| 9 (RLIN) | 29388 |
| 700 1# - ENTRADA AGREGADA--NOMBRE PERSONAL | |
| Nombre de persona | Valle-Inclán, Ramón del, |
| Fechas asociadas al nombre | 1866-1936 |
| 9 (RLIN) | 112796 |
| 700 0# - ENTRADA AGREGADA--NOMBRE PERSONAL | |
| Nombre de persona | Azorín, |
| Fechas asociadas al nombre | 1873-1967 |
| 9 (RLIN) | 24326 |
| 700 1# - ENTRADA AGREGADA--NOMBRE PERSONAL | |
| Nombre de persona | Muñoz y Pabón, Juan Francisco. |
| 9 (RLIN) | 146165 |
| 700 1# - ENTRADA AGREGADA--NOMBRE PERSONAL | |
| Nombre de persona | Baroja, Pío, |
| Fechas asociadas al nombre | 1872-1956 |
| 9 (RLIN) | 25752 |
| 740 02 - ENTRADA AGREGADA--TÍTULO RELACIONADO/ANALÍTICO NO CONTROLADO | |
| Título relacionado o analítico no controlado | Entre naranjos. |
| 740 02 - ENTRADA AGREGADA--TÍTULO RELACIONADO/ANALÍTICO NO CONTROLADO | |
| Título relacionado o analítico no controlado | Sonata de otoño. |
| 740 32 - ENTRADA AGREGADA--TÍTULO RELACIONADO/ANALÍTICO NO CONTROLADO | |
| Título relacionado o analítico no controlado | La voluntad. |
| 740 32 - ENTRADA AGREGADA--TÍTULO RELACIONADO/ANALÍTICO NO CONTROLADO | |
| Título relacionado o analítico no controlado | La millona. |
| 740 32 - ENTRADA AGREGADA--TÍTULO RELACIONADO/ANALÍTICO NO CONTROLADO | |
| Título relacionado o analítico no controlado | La busca. |
| 852 ## - LOCALIZACIÓN | |
| Ubicación | ES-MaACL |
| Número de control de estantería | E-14894 |
| Encuadernación | Olim P-241 |
| Estatus retirado | Estado de pérdida | Estado de daño | No para préstamo | Biblioteca de origen | Biblioteca actual | Ubicación en estantería | Fecha de adquisición | Fuente de adquisición | Total de préstamos | Signatura topográfica completa | Código de barras | Visto por última vez | Precio de reemplazo | Tipo de ítem Koha |
|---|---|---|---|---|---|---|---|---|---|---|---|---|---|---|
| Biblioteca del Ateneo de Madrid | Biblioteca del Ateneo de Madrid | Depósito 2 | 13/04/2011 | E-14894 | 1186652 | 23/02/2023 | 23/02/2023 | Libro impreso |
